| 000 | 00633nam a2200181Ia 4500 | ||
|---|---|---|---|
| 008 | 151202s9999||||xx |||||||||||||| ||und|| | ||
| 082 | _bPNVM-79131 | ||
| 100 | _aसांब सदाशिव. | ||
| 245 | _aमाझी नर्मदा परिक्रमा. | ||
| 260 | _b"सांब सदाशिव,पुणे." | ||
| 260 | _c2009 | ||
| 300 | _a44 | ||
| 600 | _aसांब सदाशिव. | ||
| 630 | _aमाझी नर्मदा परिक्रमा. | ||
| 700 | _aसांब सदाशिव. | ||
| 730 | _aमाझी नर्मदा परिक्रमा. | ||
| 942 | _cBOOK | ||
| 999 |
_c1343790 _d1343787 |
||